000 00539nam a2200229 a 4500
003 AR-BaBNM
005 20251128205235.0
008 082120s2002 ||||||||||||||000 | spa||
020 _a84-204-2848-5
040 _cAR-BaBNM
100 1 _aMarías, Javier
245 0 0 _aCuando fui mortal
250 _a7ª ed.
260 _aMadrid
_bSantillana
_c1996
300 _a241 p.
650 4 _aLITERATURA ESPAÑOLA
650 4 _aLITERATURA CONTEMPORANEA
653 _aNARRATIVA
655 _aLITERATURA
942 _cBK
998 _cLAURA
999 _c10552
_d10552